| 000 | 00783nam a2200241Ia 4500 | ||
|---|---|---|---|
| 003 | OSt | ||
| 005 | 20220923213205.0 | ||
| 006 | a|||||r|||| 00| 0 | ||
| 007 | ta | ||
| 008 | 220922b |||||||| |||| 00| 0 hin d | ||
| 024 | _a159,681 | ||
| 037 | _cTextual | ||
| 040 |
_aARTS _cARTS _bhin |
||
| 041 |
_2hin _ahin |
||
| 082 | _aO152,1:g(P:75), J3 | ||
| 100 |
_aबालेन्दु, शान्तिलाल जैन _9159288 |
||
| 245 | 0 | _aहिन्दी काव्यशास्त्र | |
| 246 | _aHindī kāvyashāstra | ||
| 260 | _c1953 | ||
| 650 |
_aहिन्दी साहित्य _9156264 |
||
| 942 |
_hO152,1:g(P:75), J3 _cTEXL _2CC |
||
| 999 |
_c314428 _d314428 |
||